| 000 | 00982pam a2200265 a 4500 | ||
|---|---|---|---|
| 999 |
_c10591 _d10591 |
||
| 001 | 2488470 | ||
| 003 | OSt | ||
| 005 | 20210227153449.0 | ||
| 008 | 911008s1992 tnu b 001 0 eng | ||
| 010 | _a 91037421 | ||
| 020 | _a0840777035 | ||
| 040 |
_aDLC _cDLC _dDLC |
||
| 050 | 0 | 0 |
_aHF5387 _bD514T |
| 082 | 0 | 0 |
_a658.4/08 _220 _bD514T |
| 100 | 1 | _aDe Vries, Paul. | |
| 245 | 1 | 4 |
_aThe taming of the shrewd : _ba marketplace handbook for smart ethics, scrupulous strategy, sound decision-making / _cPaul de Vries, Barry Gardner. |
| 260 |
_aNashville : _bT. Nelson Publishers, _cc1992. |
||
| 300 |
_avii, 295 p. ; _c24 cm. |
||
| 504 | _aIncludes bibliographical references (p. [287]-288) and index. | ||
| 650 | 0 | _aBusiness ethics. | |
| 700 | 1 | _aGardner, Barry. | |
| 906 |
_a7 _bcbc _corignew _d1 _eocip _f19 _gy-gencatlg |
||
| 942 |
_2ddc _cBK |
||